004810000a2200157000450024500660000065000180006665000110008465000220009565000430011765100240016004100140018470000180019870000190021610000250023577300630026010aEstudio fisiográfico de los paisajes en Orinoquia, Amazonia14aFisiografía14aSuelos14aCobertura vegetal14aSistemas de información geográfica 4pOrinoquia, Colombia0 aEspañol1 aJiménez, B.1 aRodríguez N.1 aBotero, Pedro José1 tInstituto Geográfico Agustín Codazzi3539q1-10d1994?